000 00653nam a22002177a 4500
003 UA-OsUOA
001 80893
007 ta
008 20111228b un ||||| |||| 00| 0 ukr d
100 _aБогдан Т.П.
090 _a330(477)
_bБ73
942 _cSA
040 _aUA-OsUOA
_bukr
_cUA-OsUOA
_dUA-OsUOA
245 _aКвазіфіскальні операції та їх орль у формуванні бюджетного дефіциту
300 _aС.3-18
955 _a0
041 _aukr
080 _a330(477)
773 0 _w80892
_tФінанси України
_dК.
_d2011
_g9
650 7 _a330 Економіка взагалі
_2UDC
999 _c367196
_d367196